| 000 | 01020nam a2200277 a 4500 | ||
|---|---|---|---|
| 008 | |||
| 020 | _a0063121409 (pbk.) | ||
| 049 | _aMAIN | ||
| 090 | _aHF3752 | ||
| 245 | 0 | 0 |
_aAsia Pacific regionalism : _breadings in international economic relations / _cedited by Ross Garnaut and Peter Drysdale, with John Kunkel. |
| 260 |
_aNSW, Australia: _bHarperEducational, in association with the Australia-Japan Research Centre, the Australian National University, _c1994. |
||
| 300 |
_axviii, 433 p. ; _c23 cm. |
||
| 504 | _aIncludes bibliographical references. | ||
| 500 | _aIncludes index. | ||
| 651 | 0 |
_aAsia _xForeign economic relations. |
|
| 651 | 0 |
_aPacific Area _xForeign economic relations. |
|
| 700 | 1 | _aGarnaut, Ross. | |
| 700 | 1 | _aDrysdale, Peter. | |
| 700 | 1 | _aKunkel, John. | |
| 710 | 1 | _aAustralia-Japan Research Centre. | |
| 907 |
_a.b10084010 _b23-07-03 _c22-07-03 |
||
| 003 | |||
| 005 | 20230123133349.0 | ||
| 040 | _cNUST | ||
| 942 |
_cBOOKS _kHF3752 |
||
| 999 |
_c147295 _d147295 |
||